Statistics for Map of Asia with Country Flags

Click here to take the quiz!

General Stats

  • This quiz has been taken 368 times
    (335 since last reset)
  • The average score is 36 of 48

Answer Stats

FlagCountry% Correct
Japan
85%
North Korea
84%
South Korea
84%
Sri Lanka
83%
Mongolia
83%
China
83%
Maldives
83%
India
83%
Nepal
82%
Kazakhstan
82%
Bhutan
81%
Bangladesh
80%
Taiwan
79%
Vietnam
79%
Laos
78%
Cambodia
78%
Thailand
78%
Myanmar
78%
Singapore
78%
Oman
78%
Indonesia
78%
Malaysia
77%
Yemen
77%
Turkey
76%
United Arab Emirates
76%
Brunei
75%
East Timor
75%
Pakistan
75%
Philippines
75%
Afghanistan
74%
Qatar
74%
Georgia
74%
Saudi Arabia
74%
Jordan, Israel, Palestine
74%
Bahrain
71%
Armenia
71%
Azerbaijan
71%
Iran
71%
Hong Kong, Macau
70%
Lebanon
70%
Uzbekistan
70%
Iraq
70%
Syria
70%
Tajikistan
70%
Kuwait
69%
Cyprus
68%
Kyrgyzstan
67%
Turkmenistan
67%

Score Distribution

Percentile by Number Answered

Percent of People with Each Score

Your Score History

You have not taken this quiz since the last reset